Readings on diarrhoea : (Record no. 19269)
[ view plain ]
| 000 -LEADER | |
|---|---|
| fixed length control field | 00456nam a2200157Ia 4500 |
| 020 ## - INTERNATIONAL STANDARD BOOK NUMBER | |
| ISBN | 9241544449 : |
| 040 ## - CATALOGING SOURCE | |
| Transcribing agency | 618 WOR 1992 C153 Or. |
| 082 ## - DEWEY DECIMAL CLASSIFICATION NUMBER | |
| Classification number | 618 WOR 1992 C153 Or. |
| 245 00 - TITLE STATEMENT | |
| Title | Readings on diarrhoea : |
| Remainder of title | student manual |
| 260 ## - PUBLICATION, DISTRIBUTION, ETC. (IMPRINT) | |
| Place of publication | Geneva : |
| Name of publisher | World Health Organization, |
| Year of publication | c1992 |
| 300 ## - PHYSICAL DESCRIPTION | |
| Number of Pages | vi, 147 p. : |
| Other physical details | ill. ; |
| Dimensions | 30 cm |
| 650 #0 - SUBJECT ADDED ENTRY--TOPICAL TERM | |
| Topical Term | Diarrhea, Infantile |
| 650 #2 - SUBJECT ADDED ENTRY--TOPICAL TERM | |
| Topical Term | Diarrhea, Infantile |
| 710 2# - ADDED ENTRY--CORPORATE NAME | |
| Corporate name or jurisdiction name as entry element | World Health Organization |
| 942 ## - ADDED ENTRY ELEMENTS (KOHA) | |
| Koha item type | ADB |
No items available.